000 00616nam a22002057a 4500
999 _c11606
_d11606
003 AR-CdUCM
008 190404b ||||| |||| 00| 0 spa d
040 _aMUNICIPALIDAD PROVINCIAL DEL CUSCO
_cBIBLIOTECA MUNICIPAL DEL CUSCO
082 _aC / 869.56 /
_bJ24A
100 _aJara Eguileta, Segundo
_928604
245 _aAlba y Sombra /
260 _aCusco :
_bH. G. Rozas,
_c1965.
300 _a163 páginas ;
_c21 cm.
505 _aContenido: Poesías.
650 _aLiteratura Peruana
_9132
650 _aPoemas Cusqueños
_917375
650 _aSiglo XX
_98
942 _2ddc
_cLIBROS
945 _aachl
_d2019-04-04